Movies Quiz

Random Movies or Director Quiz
Score 0/57 Timer 06:00
0 Plays Today
Film Director % Correct
1998 - Saving Private RyanSteven Spielberg
90.9%
2006 - The DepartedMartin Scorsese
88.8%
1997 - Chasing AmyKevin Smith
79.7%
1999 - DogmaKevin Smith
79.7%
2004 - Jersey GirlKevin Smith
79.7%
2010 - True GritEthan Coen, Joel Coen
78.9%
2015 - The MartianRidley Scott
78.3%
2001 - Ocean's ElevenSteven Soderbergh
78.2%
2004 - Ocean's TwelveSteven Soderbergh
78.2%
2007 - Ocean's ThirteenSteven Soderbergh
78.2%
2008 - Che: Part TwoSteven Soderbergh
78.2%
2009 - The Informant!Steven Soderbergh
78.2%
2011 - ContagionSteven Soderbergh
78.2%
2013 - Behind The CandelabraSteven Soderbergh
78.2%
2014 - InterstellarChristopher Nolan
77.8%
2002 - Confessions Of A Dangerous MindGeorge Clooney
76.5%
2014 - The Monuments MenGeorge Clooney
76.5%
2017 - SuburbiconGeorge Clooney
76.5%
1997 - Good Will HuntingGus Van Sant
68%
2000 - Finding ForresterGus Van Sant
68%
2002 - GerryGus Van Sant
68%
2012 - Promised LandGus Van Sant
68%
2009 - InvictusClint Eastwood
66.8%
2010 - HereafterClint Eastwood
66.8%
2004 - The Bourne SupremacyPaul Greengrass
64.9%
2007 - The Bourne UltimatumPaul Greengrass
64.9%
2010 - Green ZonePaul Greengrass
64.9%
2016 - Jason BournePaul Greengrass
64.9%
2005 - The Brothers GrimmTerry Gilliam
47.1%
Film Director % Correct
2013 - The Zero TheoremTerry Gilliam
47.1%
2006 - The Good ShepherdRobert De Niro
44.6%
1997 - The RainmakerFrancis Ford Coppola
43.5%
2019 - Le Mans '66 (aka: Ford v Ferrari)James Mangold
43.1%
2011 - Happy Feet Two (voice)George Miller, Gary Eck, David Peers
42.3%
2002 - The Bourne IdentityDoug Liman
41.1%
2017 - DownsizingAlexander Payne
40.5%
2011 - We Bought A ZooCameron Crowe
40.3%
2003 - Stuck On YouBobby Farrelly, Peter Farrelly
40.2%
1999 - The Talented Mr. RipleyAnthony Minghella
38.5%
2000 - The Legend Of Bagger VanceRobert Redford
30.9%
2013 - ElysiumNeill Blomkamp
30.6%
2001 - The MajesticFrank Darabont
24.5%
2011 - MargaretKenneth Lonergan
20.8%
2018 - Deadpool 2David Leitch
18.5%
1996 - Courage Under FireEdward Zwick
16.6%
2000 - All The Pretty HorsesBilly Bob Thornton
15.2%
2005 - SyrianaStephen Gaghan
14.9%
2016 - The Great WallYimou Zhang
12.2%
1998 - RoundersJohn Dahl
11.7%
1993 - Geronimo: An American LegendWalter Hill
10.8%
2000 - Titan A.E. (voice)Don Bluth, Gary Goldman
8.6%
1988 - Mystic PizzaDonald Petrie
5.7%
2011 - The Adjustment BureauGeorge Nolfi
5.1%
2004 - EuroTripJeff Schaffer
4.9%
1992 - School TiesRobert Mandel
3.5%
1995 - Glory DazeRich Wilkes
2.8%
2002 - Spirit: Stallion Of The Cimarron (voice)Kelly Asbury, Lorna Cook
2.8%
Remove Ads.
Support Sporcle.
Get the best of Sporcle when you Go Orange. This ad-free experience offers more features, more stats, and more fun while also helping to support Sporcle. Thank you for becoming a member.

You're not logged in!

Compare scores with friends on all Sporcle quizzes.
OR
Log In

Sporcle TV

Today on Sporcle TV


Watch our educational content, quiz creation guides, and fun videos on Sporcle TV.

Show Comments

Extras

Top Quizzes Today


Score Distribution

Paid Content

Your Account Isn't Verified!

In order to create a playlist on Sporcle, you need to verify the email address you used during registration. Go to your Sporcle Settings to finish the process.

Report this User

Report this user for behavior that violates our Community Guidelines.

Details: